wpisz poprawne państwo na każdą literę - Statystyki

Ogólne statystyki
  • Ten quiz został rozwiązany 29 razy
  • Średni wynik to 16 z 24
Statystyki odpowiedzi
Hint Odpowiedź % Poprawnych
Bez żadnego sąsiada jamajka, japonia J
90%
Będące kiedyś częścią dawnego związku radzieckiego Łotwa Ł
90%
Które jest państwem Oman O
90%
Które ma na swojej Fladze flagę innego państwa Fidżi F
85%
W którym znajduje się środek europy Polska P
85%
Państwo wyspiarskie cypr C
80%
Sąsiadujące z Francją Luksemburg L
80%
Graniczące z państwem na tą samą literę Etiopia, erytrea E
75%
Które jest państwem najbardziej oddalonym od Polski Nowa zelandia N
75%
Którego populacja jest porównywalna do populacji Bangladeszu Rosja R
75%
Kraj w którym odegrały się pierwsze mistrzostwa świata z piłki nożnej Urugwaj U
75%
Z dwiema stolicami Holandia H
70%
Państwo na oceanie spokojnym Vanuatu V
70%
Bez Wojska Islandia I
65%
Bez dostępu do morza Kazachstan, Kirgistan K
65%
Które ma kierunek geograficzny w nazwie Timor wschodni T
65%
Na którego fladze nie ma koloru białego Zambia Z
65%
Które leży nad morzem karaibskim antigua i barbuda A
55%
Które nie ma dostępu do oceanu atlantyckiego dżibuti D
55%
Z powierzchnią ponad 250 000 km2 gabon G
50%
Które jest państwem-miastem i państwem wyspiarskim Singapur S
50%
z dostępem do oceanu spokojnego brunei B
45%
Którego stolica nie jest największym miastem Malta M
35%
W którego nazwie jest nazwa zwierzęcia Wybrzeże kości słoniowej W
35%
Nie znaleziono quizów pasujących do podanych kryteriów
Rozkład punktacji
Procent ludzi z każdym wynikiem
Percentyl według liczby udzielonych odpowiedzi
Twoja historia wyników
Nie rozwiązałeś tego quizu